01341nam a2200253 a 450000100100000000500170001000800410002704000250006808200140009310000370010724500990014426000240024330000210026750000650028850400540035370000430040704900090045095201270045995201270058695201270071395201180084095201120095899900170107000001511320200929163947.0100201s2003 dr 001 0 spa d aDO-SdBNPbspacBNPHU axxxbE79o1 aEstévez Medina, Arcenio93127710aOtras enfermedades y sus dietas /cArcenio Estévez Medina ; prólogo Rafael P. Rodríguez. bGRAFICARIBE,c2003. a198 p. ;c21 cm. aIncluye datos biográficos de la autor en la contracubierta aIncluye referencias bibliográficas [p. 195-198]1 aRodríguez, Rafael P.epról.912299 aBNPD 001054708DSaGRbGRcCTd2010-02-01iLF1l0oxxx E79op15113-30r2020-06-25te. 5w2020-06-25yLFDSZPréstamo en sala 001054708DSaGRbGRcCTd2010-02-01iLF1l0oxxx E79op15113-40r2020-06-25te. 3w2020-06-25yLFDSZPréstamo en sala 001054708DSaGRbGRcCTd2010-02-01iLF1l0oxxx E79op15113-50r2020-06-25te. 4w2020-06-25yLFDSZPréstamo en sala 0010718PDaPDbPDcCTd2010-02-01iLF1l0oxxx E79op15113-10r2020-06-25te. 2w2020-06-25yLFPDZNo se presta 0010718PDaPDbPDcCTd2010-02-01iLF1l0oxxx E79op15113-20r2020-06-25w2020-06-25yLFPDZNo se presta c14685d14685